The Oxford companion to the theatre
Gorde:
| Egile nagusia: | |
|---|---|
| Formatua: | Liburua |
| Hizkuntza: | ingelesa |
| Argitaratua: |
Oxford
Oxford University Press
1983
|
| Edizioa: | 4a. ed |
| Gaiak: | |
| Etiketak: |
Etiketa erantsi
Etiketarik gabe, Izan zaitez lehena erregistro honi etiketa jartzen!
|
MARC
| LEADER | 00000nam a2200000 a 4500 | ||
|---|---|---|---|
| 001 | UCR7571 | ||
| 003 | CL-VaPUC | ||
| 008 | 980519e19830000UK |||||||||||||||||eng|d | ||
| 082 | 0 | 4 | |a 792.0321 |b HAR |2 21 |
| 100 | 0 | |a Hartnoll, Phyllis |e author |9 408868 | |
| 245 | 1 | 4 | |a The Oxford companion to the theatre |
| 250 | |a 4a. ed | ||
| 300 | |a 934 p | ||
| 942 | |c BK | ||
| 945 | |d 19980519 00:00:00 |a crobeson | ||
| 260 | |a Oxford |b Oxford University Press |c 1983 | ||
| 650 | 0 | |a Teatro |9 265385 | |
| 650 | 0 | |a Diccionarios |9 256200 | |
| 583 | |a last modification |c 19980519 00:00:00 |k Rodrigo Vera | ||
| 999 | |c 269162 |d 269160 | ||
| 952 | |0 0 |1 0 |4 0 |6 792_032100000000000_HAR_1983 |7 0 |8 X |9 302831 |a BIBEDU |b BIBEDU |d 2019-11-20 |i 1995219 |o 792.0321 HAR 1983 |p 1995219 |r 2023-01-13 |w 2019-11-20 |y BK_X |k LIT | ||